| 000 | 00764nam a22002657a 4500 | ||
|---|---|---|---|
| 005 | 20211117123006.0 | ||
| 008 | 201125b ||||| |||| 00| 0 eng d | ||
| 020 | _a9789389865325 | ||
| 040 |
_aIN-DiNC _cIN-DiNC |
||
| 041 | _dasm | ||
| 082 |
_a370.92 _bMAH |
||
| 245 |
_aMahan shikshabidsakal aru shakshik chintadharasamuh/ _cby Nabanita Deka and others |
||
| 250 | _a1st ed. | ||
| 260 |
_aDibrugarh: _bBanalata, _c2020 |
||
| 300 | _a324p. | ||
| 650 | _aEducation | ||
| 650 | _aGreat educators | ||
| 650 | _aEducational thought | ||
| 700 |
_aDeka, Nabanita _eauthor |
||
| 700 |
_aBarua, Mamoni Gogoi _eauthor |
||
| 700 |
_aTamuly, Purnima _eauthor |
||
| 700 |
_aBarua, Mamoni _eauthor |
||
| 700 |
_aBuragohain, Purbamanjuri _eauthor |
||
| 942 |
_2ddc _cBK |
||
| 999 |
_c11081 _d11081 |
||